00845nam a22002297a 4500008004000000020001800040050002000058100001700078245014000095250001100235260004300246300002100289490002800310500007700338504003200415650002800447650004200475650001900517700002400536700002700560700002800587140307t sp||||| |||| 00| 0 spa d a978844931892404aHM706bB43 19981 aBeck, Ulrich13aLa sociedad del riesgob : hacia una nueva modernidadc / Ulrich Beck ; traducción Jorge Navarro, Daniel Jiménez, Ma. Rosa Borrás a1a ed. aBarcelona, España :bPaidós,c1998 a393 p. ;c20 cm.0 aPaidós Surcosvno. 25 aTeaducción de : Risikogesellschaft. Auf dem weg in eine andere moderne aBibliografía : p. 375-393 72LembaEstructura social 72LembaRiesgoxAspectos sociológicos 72LembaProgreso1 aNavarro, Jorgeetr.1 aJiménez, Danieletr.1 aBorrás, Ma. Rosaetr.